| 000 | 00732nam a22002057a 4500 | ||
|---|---|---|---|
| 999 |
_c15082 _d15082 |
||
| 003 | AR-CdUCM | ||
| 008 | 190425b ||||| |||| 00| 0 spa d | ||
| 020 | _a978-84-9825-616-1 | ||
| 040 |
_aMUNICIPALIDAD PROVINCIAL DEL CUSCO _cBIBLIOTECA MUNICIPAL DEL CUSCO |
||
| 082 |
_aPI / 376.1 / _bN22 |
||
| 100 |
_aNavarro, Ángels _926797 |
||
| 245 | _aLos 10 mejores juegos del mundo / | ||
| 260 |
_aBarcelona : _bCombel, _c2010. |
||
| 300 |
_a10 paginas ; _bIlustraciones, _c27 cm. _e10 tableros, las instrucciones de cada juego mas 100 fichas y un dado |
||
| 650 |
_aJuegos grandiosos para niños _934098 |
||
| 650 |
_aJuegos del mundo _934099 |
||
| 650 |
_aAprende a jugar _934100 |
||
| 942 |
_2ddc _cLIBROS |
||
| 945 |
_awnts _d2019-04-25 |
||